Paralympiques 2024 Pronostics de médaille et réalité - Statistiques

Statistiques générales
  • Ce quiz a été pris 3 fois
  • Le résultat moyen est 47 sur 121
Statistiques - réponses
Hint Réponse % Correct
Médaille d'argent / Natation, 200 m 4 nages S13 / Alex Portal 02 Médaille d'argent
100%
Médaille d'or / Cyclisme Poursuite C5 / Heïdi Gaugain 02 Médaille d'argent
100%
Pas de médaille / Natation 400 m S13 / Kylian Portal 03 Médaille de bronze
100%
Pas de médaille / Athlétisme 1500 m T46 / Antoine Praud 03 Médaille de bronze
100%
Médaille d'argent / Canoë, KL1 200 m hommes / Rémy Boullé 03 Médaille de bronze
100%
Médaille de bronze / Natation, 100m dos S12 / Léane Morceau Pas de médaille
100%
Médaille de bronze / Natation, 4x100 m mixte 34 points / Equipe de France Pas de médaille
100%
Médaille d'or / Cyclisme Poursuite C5 / Dorian Foulon 01 Médaille d'or
67%
Pas de médaille / Badminton SH6 / Charles Noakes 01 Médaille d'or
67%
Médaille d'or / Cyclisme, contre-la-montre H3 / Mathieu Bosredon 01 Médaille d'or
67%
Médaille d'or / Cyclisme, course en ligne H3 / Mathieu Bosredon 01 Médaille d'or
67%
Médaille d'or / Triathlon PTS2 / Jules Ribestein 01 Médaille d'or
67%
Médaille d'or / Cyclisme, course en ligne H2 / Florian Jouanny 01 Médaille d'or
67%
Pas de médaille / Cyclisme, contre-la-montre C2 / Alexandre Léauté 01 Médaille d'or
67%
Médaille de bronze / Natation, 100 m S10 / Emeline Pierre 01 Médaille d'or
67%
Médaille de bronze / Badminton, SU5 / Lucas Mazur 01 Médaille d'or
67%
Médaille d'argent / Tir carabine 10 m SH2 R5 / Tanguy de La Forest 01 Médaille d'or
67%
Médaille d'or / Cyclisme Poursuite C2 / Alexandre Léauté 01 Médaille d'or
67%
Pas de médaille / Cécifoot / Equipe de France 01 Médaille d'or
67%
Médaille d'argent / Natation, 400 m S9 / Ugo Didier 01 Médaille d'or
67%
Médaille d'or / Triathlon PTS4 / Alexis Hanquinquant 01 Médaille d'or
67%
Médaille d'or / Cyclisme, contre-la-montre C2 / Alexandre Léauté 01 Médaille d'or
67%
Médaille d'or / Badminton, simple SL4 / Lucas Mazur 01 Médaille d'or
67%
Médaille de bronze / Cyclisme 500m C5 / Marie Patouillet 02 Médaille d'argent
67%
Médaille d'or / Judo, -90 kg/J2 / Hélios Latchoumanaya 02 Médaille d'argent
67%
Médaille d'or / Natation, 100 m papillon S13 / Alex Portal 02 Médaille d'argent
67%
Médaille de bronze / Cyclisme, course en ligne H5 / Loïc Vergnaud 02 Médaille d'argent
67%
Pas de médaille / Athlétisme lancer de poids / Gloria Agblemagnon 02 Médaille d'argent
67%
Médaille d'argent / Natation 400 m S13 / Alex Portal 02 Médaille d'argent
67%
Pas de médaille / Cyclisme, contre-la-montre C5 / Heïdi Gaugain 02 Médaille d'argent
67%
Pas de médaille / Taekwondo -65kg T44 / Djelika Diallo 02 Médaille d'argent
67%
Médaille d'argent / Cyclisme, course en ligne C5 / Heïdi Gaugain 02 Médaille d'argent
67%
Pas de médaille / Cyclisme, contre-la-montre C4 / Gatien Le Rousseau 02 Médaille d'argent
67%
Médaille d'argent / Judo, -48 kg/J2 / Sandrine Martinet 02 Médaille d'argent
67%
Médaille d'argent /Canoë, KL3 200 m / Nélia Barbosa 02 Médaille d'argent
67%
Médaille d'argent / Cyclisme, contre-la-montre C5 / Heïdi Gaugain 02 Médaille d'argent
67%
Pas de médaille / Tennis de table Double XD7 / Florian Merrien & Flora Vautier 03 Médaille de bronze
67%
Médaille de bronze / Judo, -90 kg/J1 / Cyril Jonard 03 Médaille de bronze
67%
Médaille de bronze / Badminton, double mixte SL3-SU5 / Lucas Mazur & Faustine Noël 03 Médaille de bronze
67%
Médaille de bronze / Tennis de table Double MD4 / Fabien Lamirault & Julien Michaud 03 Médaille de bronze
67%
Pas de médaille / Tennis de table Double MD14 / Clément Berthier & Esteban Herrault 03 Médaille de bronze
67%
Pas de médaille / Aviron, Skiff PR1 / Nathalie Benoît 03 Médaille de bronze
67%
Médaille de bronze / Escrime, Fleuret H par équipes / Equipe de France 03 Médaille de bronze
67%
Pas de médaille / Judo + 90 kg / Jason Grandry 03 Médaille de bronze
67%
Médaille d'argent / Tennis de table Double XD17 / Lucas Didier & Thu Kamkasamphou Pas de médaille
67%
Médaille d'or / Escrime, fleuret B / Maxime Valet Pas de médaille
67%
Médaille d'argent / Athlétisme, 400 m T20 / Charles-Antoine Kouakou Pas de médaille
67%
Médaille de bronze / Badminton, simple SU5 / Maud Lefort Pas de médaille
67%
Médaille de bronze / Haltérophilie, -73 kg / Souhad Ghazouani Pas de médaille
67%
Médaille de bronze / Rugby Fauteuil / Equipe de France Pas de médaille
67%
Médaille d'or / Cyclisme, Relais handbike / Equipe de France 01 Médaille d'or
33%
Pas de médaille / Cyclisme Poursuite C5 / Marie Patouillet 01 Médaille d'or
33%
Médaille d'or / Cyclisme, contre-la-montre C4 / Kevin Le Cunff 01 Médaille d'or
33%
Pas de médaille / Cyclisme, contre-la-montre H3/ Johan Quaile 02 Médaille d'argent
33%
Médaille d'argent / Tennis de table, Simple S9 / Lucas Didier 02 Médaille d'argent
33%
Médaille d'argent / Cyclisme, course en ligne C3 / Thomas Peyroton-Dartet 02 Médaille d'argent
33%
Médaille d'or / Natation 100 m brasse SB9 / Hector Denayer 02 Médaille d'argent
33%
Médaille d'argent / Athlétisme, 100 m T11 / Timothée Adolphe 02 Médaille d'argent
33%
Pas de médaille / 100 m dos S13 / Alex Portal 03 Médaille de bronze
33%
Médaille d'argent / Aviron skiff PR1 / Nathalie Benoît 03 Médaille de bronze
33%
Médaille d'or / Natation, 50 m papillon S6 / Laurent Chardard 03 Médaille de bronze
33%
Médaille de bronze / Natation, 200 m 4 nages S9 / Hector Denayer 03 Médaille de bronze
33%
Médaille de bronze / Aviron, Quatre barré mixte PR3 / Equipe de France 03 Médaille de bronze
33%
Médaille d'or / Tennis de table, Simple S2 / Fabien Lamirault 03 Médaille de bronze
33%
Pas de médaille / Athlétisme saut en longueur T37 / Manon Genest 03 Médaille de bronze
33%
pas de médaille / Cyclisme, course en ligne B / Alexandre Lloveras 03 Médaille de bronze
33%
Pas de médaille / Tennis de table S10 / Matéo Bohéas 03 Médaille de bronze
33%
Médaille de bronze / Triathlon PTS4 / Elise Marc Pas de médaille
33%
Médaille de bronze / Cyclisme, contre-la-montre H3 / Anaïs Vincent Pas de médaille
33%
Médaille de bronze / Athlétisme, 800 m T53 / Pierre Fairbank Pas de médaille
33%
Médaille d'argent / Triathlon PTS4 / Pierre-Antoine Baele Pas de médaille
33%
Médaille d'argent / Escrime, sabre B / Maxime Valet Pas de médaille
33%
Médaille de bronze / Athlétisme, Poids F20 / Soane Meissonier Pas de médaille
33%
Médaille d'argent / Tennis de table, Simple S8 / Clément Berthier Pas de médaille
33%
Médaille de bronze / Escrime, épée B / Yohan Peter Pas de médaille
33%
Médaille d'argent / Judo, -73kg/J2 / Nathan Petit Pas de médaille
33%
Médaille de bronze / Escrime, fleuret A / Damien Tokatlian Pas de médaille
33%
Médaille d'or / Tennis de table, Simple S5 / Alexandra Saint-Pierre Pas de médaille
33%
Médaille d'argent / Haltérophilie -54 kg / Axel Bourlon Pas de médaille
33%
Médaille de bronze / Taekwondo / Bopha Kong - 58kg Pas de médaille
33%
Médaille de bronze / Athlétisme, longueur, T64 / Dimitri Pavadé Pas de médaille
33%
Médaille d'argent / Tir à l'arc / Guillaume Toucoullet Pas de médaille
33%
Médaille d'argent / Tennis de table, Simple S8 / Thu Kamkasamphou Pas de médaille
33%
Médaille de bronze / Cyclisme, course en ligne B / Elie de Carvalho Pas de médaille
33%
Médaille de bronze / Triathlon PTVI / Anouck Curzillat Pas de médaille
33%
Pas de médaille / Cyclisme, contre-la-montre C3 / Thomas Peyroton-Dartet 01 Médaille d'or
0%
Médaille d'argent / Natation, 100 m dos S9 / Ugo Didier 02 Médaille d'argent
0%
Médaille d'argent / Natation, 200m 4 nages S9 / Ugo Didier 02 Médaille d'argent
0%
Pas de médaille / Tir carabine à air debout SH2 / Tanguy de La Forest 02 Médaille d'argent
0%
Pas de médaille / Cyclisme, contre-la-montre B / Elie de Carvalho 02 Médaille d'argent
0%
Médaille d'argent / Triathlon PTVI / Thibaut Rigaudeau 02 Médaille d'argent
0%
Médaille d'or / Athlétisme 400 m T11 / Timothée Adolphe 02 Médaille d'argent
0%
Pas de médaille / Cyclisme, contre-la-montre H5 / Loïc Vergnaud 02 Médaille d'argent
0%
Médaille d'or / Cyclisme, course en ligne C4 / Kevin Le Cunff 02 Médaille d'argent
0%
Médaille d'argent / Cyclisme, contre-la-montre C5 / Dorian Foulon 03 Médaille de bronze
0%
Médaille d'argent / Natation, 100 m S6 / Laurent Chardard 03 Médaille de bronze
0%
Pas de médaille / Cyclisme, contre-la-montre H2 / Florian Jouanny 03 Médaille de bronze
0%
Médaille de bronze / Natation, 100 m dos S10 / Emeline Pierre 03 Médaille de bronze
0%
Médaille d'or / Cyclisme, course en ligne C2 / Alexandre Léauté 03 Médaille de bronze
0%
Médaille d'argent / Cyclisme, contre-la-montre H2 / Florian Jouanny 03 Médaille de bronze
0%
Médaille de bronze / Triathlon PTVI / Antoine Perel 03 Médaille de bronze
0%
Médaille d'argent / Cyclisme Contre la montre 1000 m C1-3 / Alexandre Léauté 03 Médaille de bronze
0%
Médaille de bronze / Cyclisme Poursuite C4 / Gatien Le Rousseau 03 Médaille de bronze
0%
Médaille de bronze / Aviron, Deux de couple mixte PR2 / Benjamin Daviet & Perle Bouge Pas de médaille
0%
Médaille de bronze / Cyclisme, course en ligne H3 / Anaïs Vincent Pas de médaille
0%
Médaille d'or / Tennis de table, Simple S2 / Fabien Lamirault Pas de médaille
0%
Médaille de bronze / Tennis de table Double XD17 / Matéo Bohéas & Morgen Caillaud Pas de médaille
0%
Médaille de bronze / Escrime, Epée F par équipes / Equipe de France Pas de médaille
0%
Médaille de bronze / Triathlon PTS3 / Cédric Denuzière Pas de médaille
0%
Médaille d'or / Tennis de table Double XD17 / Fabien Lamirault & Alexandra Saint-Pierre
Pas de médaille
0%
Médaille de bronze / Triathlon PTS4 / Grégoire Berthon Pas de médaille
0%
Médaille d'argent / Cyclisme Poursuite C4 / Kevin Le Cunff Pas de médaille
0%
Médaille d'argent / Tennis de table, Simple S11 / Lucas-Edouard Créange Pas de médaille
0%
Médaille d'argent / Cyclisme, contre-la-montre B / Alexandre Lloveras Pas de médaille
0%
Médaille de bronze / Escrime, sabre A / Brianna Vidé Pas de médaille
0%
Médaille de bronze / Natation, 100 m dos S10 / Anaëlle Roulet Pas de médaille
0%
Médaille de bronze / Tennis de table Double MD18 / Matéo Bohéas & Thomas Bouvais Pas de médaille
0%
Médaille de bronze / Tennis de table Double WD10 / Alexandra Saint-Pierre & Floria Vautier Pas de médaille
0%
Médaille d'argent / Aviron deux de couple mixte PR3 / Laurent Cadot & Guylaine Marchand Pas de médaille
0%
Médaille de bronze / Tennis, Double / Stéphane Houdet & Frédéric Cattanéo Pas de médaille
0%
Médaille d'argent / Tir carabine 10 m SH2 R5 / Pierre Guillaume-Sage Pas de médaille
0%
Aucun quiz correspondant
Distribution des résultats
% des personnes avec chaque résultat
Percentile par nombre de réponses
Votre historique - résultats
Vous n’avez pas pris ce quiz